| 000 | 01522nam a2200217 4500 | ||
|---|---|---|---|
| 005 | 20210530133211.0 | ||
| 008 | 210530s1918 pe |||fr|||| 001 0 spa d | ||
| 040 |
_aCENDOC CAAAP _bspa _cCAAAP |
||
| 041 | _aspa | ||
| 050 |
_aFP 356 _b.H44 |
||
| 100 | 1 |
_93139 _aHerrera, Renato E. |
|
| 245 | 1 |
_aLeyendas y tradiciones de Loreto / _cRenato E. Herrera |
|
| 250 | _a1ra ed. | ||
| 260 |
_aIquitos, _c1918 |
||
| 300 | _a334 p. | ||
| 490 | _a(Biblioteca Loretana) | ||
| 505 | _aContiene : Prólogo del autor --Leyendas y tradiciones -- Las Amazonas en las leyenda y en la historia -- La fuente Cuyana -- El lago Rimachuma y el Apóstol San Bartolomé -- Origen de los barrancos de Moyobamba -- Las yatas ó Chuaras (diosas de las aguas) -- El país del Dorado -- Historia de dos pretensiones célebres en Maynas -- ¿Porqué en Maynas se conoce a las ratas con el nombre de bayamos? -- Un milagro de Santa Bárbara -- Un litigio ffamoso respecto de Maynas -- La leyenda del tabáco -- ¡Mejacca Morro! -- Filicia y el traidos -- Quien siembra puede cosechar Tarapota -- La virgen de nuestra señora de la Natividad de Tabalosos -- El espiritismo en el Oriente del Perú -- Hymnp á la palmera -- La soga arrastra -- La luna de miel en el Amazonas -- El señor de perdón de Moyobamba -- Historia de los nombres de algunos puertos fluviales de Loreto en la hoya amazónica peruana. | ||
| 650 | 1 | 0 |
_91754 _aTradición oral _zAmazonía |
| 650 | 2 | 0 |
_93104 _aCuentos _zPerú _zLoreto (Departamento) |
| 942 |
_2lcc _b30 - 05 - 21 _cBK |
||
| 999 |
_c1478 _d1478 |
||